| 000 | 00589nam a2200181 i 4500 | ||
|---|---|---|---|
| 001 | 99445 | ||
| 003 | ES-MaACL | ||
| 005 | 20230906182511.0 | ||
| 007 | t| | ||
| 008 | 050908s1959 cu ||||1| spa d | ||
| 100 | 1 |
_aMartínez, Florentino. _977740 |
|
| 245 | 1 | 0 |
_aAyer de Santa Clara / _cpor Florentino Martínez. |
| 260 |
_aLa Habana : _bUniversidad Central de las Villas, _c1959. |
||
| 300 |
_a164 p. ; _c20 cm. |
||
| 500 | _aPrecede al tít.: Dirección de Investigaciones Folklóricas. | ||
| 710 | 2 |
_aUniversidad Central de Las Villas. _97082 |
|
| 852 |
_aES-MaACL _jC-17980 _bR.45719 |
||
| 999 |
_c99445 _d99445 |
||